60 minutes. Private lives, public men /

When most politicians are confronted with their adulterate behavior, they deny and resign. Not so in the case of Alan Clark who is open and candid about his exploits. Morley Safer reports.

Bibliographic Details
Other Authors: Safer, Morley (Reporter), Tiffin, John (Producer)
Format: Video
Language:English
Language Notes:In English.
Published: New York, NY : Columbia Broadcasting System, 1997.
Subjects:
Online Access:Connect to this streaming video (Alexander Street Press)

MARC

Tag First Indicator Second Indicator Subfields
LEADER 00000cgm a22000003i 4500
001 in00003745021
006 m|||||o||c||||||||
007 cr |n||||||||a
007 vz |za|z|
008 151023s1997 nyu013 e |o vleng d
005 20260324205125.6
035 |a (OCoLC)934520748 
035 |a (VaAlASP)ASP2860820/cbsv 
040 |a VaAlASP  |b eng  |e rda  |c VaAlASP  |d UtOrBLW 
050 4 |a DS491.7  |b M568 1997 
245 0 0 |a 60 minutes.  |p Private lives, public men /  |c produced by John Tiffin. 
246 1 0 |a Private lives, public men 
246 1 3 |a Sixty minutes.  |p Private lives, public men 
264 1 |a New York, NY :  |b Columbia Broadcasting System,  |c 1997. 
300 |a 1 online resource (13 minutes) 
306 |a 001232 
336 |a two-dimensional moving image  |b tdi  |2 rdacontent 
337 |a video  |b v  |2 rdamedia 
337 |a computer  |b c  |2 rdamedia 
338 |a other  |b vz  |2 rdacarrier 
338 |a online resource  |b cr  |2 rdacarrier 
347 |a data file  |2 rda 
500 |a Title from resource description page (viewed October 23, 2015). 
520 |a When most politicians are confronted with their adulterate behavior, they deny and resign. Not so in the case of Alan Clark who is open and candid about his exploits. Morley Safer reports. 
546 |a In English. 
600 1 0 |a Clark, Alan,  |d 1928-1999.  |0 http://id.loc.gov/authorities/names/n50039085 
650 0 |a Politicians  |x Sexual behavior.  |0 http://id.loc.gov/authorities/subjects/sh85104462 
651 7 |a United States.  |0 (OCoLC)1204155  |2 fast 
651 7 |a France  |z Paris.  |0 (OCoLC)1205283  |2 fast 
655 7 |a Internet videos.  |2 lcgft  |0 http://id.loc.gov/authorities/genreForms/gf2011026337 
655 7 |a Television news programs.  |2 lcgft  |0 http://id.loc.gov/authorities/genreForms/gf2011026667 
700 1 |a Clark, Alan,  |d 1928-1999,  |e interviewee.  |0 http://id.loc.gov/authorities/names/n50039085 
700 1 |a Safer, Morley,  |e reporter.  |0 http://id.loc.gov/authorities/names/n81036623 
700 1 |a Tiffin, John,  |e producer.  |0 http://id.loc.gov/authorities/names/n78057859 
710 2 |a CBS News,  |e production company.  |0 http://id.loc.gov/authorities/names/n82221065 
856 4 0 |u http://proxy.library.tamu.edu/login?url=https://www.aspresolver.com/aspresolver.asp?CBSV;2860820  |z Connect to this streaming video (Alexander Street Press)  |t 0 
999 f f |s c1dd4ea8-aa15-3110-a04d-524b286f85bb  |i c2a6a1c7-d7d1-3213-a3b6-e30ea4a7cd86  |t 0 
952 f f |a Texas A&M University  |b College Station  |c Electronic Resources  |s www_evans  |d Available Online  |t 0  |e DS491.7 M568 1997  |h Library of Congress classification 
998 f f |a DS491.7 M568 1997  |t 0  |l Available Online